00738nam a22002057a 4500999001900000005001700019010001500036020002600051035001400077037001300091082001200104100001700116245005700133260003800190270010900228300002000337700001400357942002600371952013500397 c168269d16826920191001152113.0 aENG-126589 a9788178440842c695.00 aEN-110121 bDBAD/PUB a954.031 aRanjan, Ravi aThe revolt of 1857/cby Ravi Ranjan [and] M.K. Singh aNew DelhibK.K. Pubicationsc2018 a4806/24, Bharat Ram RoadbDarya Ganj, New Delhie110002k011-23285167, 65185557minfo@kkpublications.com a290p.c22cm(Hb) aM.K.Singh 2ddccENh954.031mRAN 001040708NFICaLbLd2019-10-01eDBAD/PUBg695.00l8m3o954.031 RANpEN-110121r2025-05-17 00:00:00s2025-05-02t1v695.00yEN